000 00546nam a2200193Ia 4500
001 19628
003 GE_BSU
008 181216s||||||||xx |||||||||||||| ||und||
040 _cGE_BSU
245 _aТурбизнес=Travel trade russia №11-12/342 2016.
245 _cГл.ред. Софья Константинова
260 _aМосква
260 _c2016
300 _a56стр. 30см.
653 _aПериодика
653 _aТурбизнес=Travel trade russia
653 _aპერიოდიკა
942 _cCR
999 _c52604
_d52604